[Event "LSS No Engine Cup 08 Preliminary 2"]
[Site "LSS email"]
[Date "2009.10.11"]
[Round "?"]
[White "Taffijn, Aadrian"]
[Black "Svajdler, Frantisek"]
[Result "0-1"]
[WhiteElo "1738"]
[BlackElo "2197"]
[PlyCount "22"]
[EventDate "2009.10.12"]
[EventType "tourn (corr)"]
[EventRounds "6"]
[EventCountry "GER"]
[SourceTitle "Corr 2013"]
[Source "ChessBase"]
[SourceDate "2012.11.12"]
[SourceVersion "1"]
[SourceVersionDate "2012.11.12"]
[SourceQuality "1"]

1. e4 c5 2. Nf3 d6 3. Bc4 Nf6 4. 0-0 Nxe4 5. Nc3 Nxc3 6. dxc3 e6 7. Ng5 h6 8. Bb5+ Nc6 9. Qh5 g6 10. Qh4 Be7 11. f4 Kd7 0-1

[Event "LSS OP-2009-0-00963"]
[Site "LSS email"]
[Date "2009.10.11"]
[Round "?"]
[White "Van Boven, Maarten"]
[Black "Taffijn, Aadrian"]
[Result "1-0"]
[WhiteElo "1772"]
[BlackElo "1738"]
[PlyCount "23"]
[EventDate "2009.10.05"]
[EventType "tourn (corr)"]
[EventRounds "4"]
[EventCountry "GER"]
[SourceTitle "Corr 2013"]
[Source "ChessBase"]
[SourceDate "2012.11.12"]
[SourceVersion "1"]
[SourceVersionDate "2012.11.12"]
[SourceQuality "1"]

1. e4 c5 2. Nf3 d6 3. d4 cxd4 4. Nxd4 Nf6 5. Nc3 Nc6 6. Bg5 h6 7. Bxf6 gxf6 8. g3 h5 9. Bb5 Bd7 10. Qd3 a6 11. Ba4 b5 12. Bb3 1-0

[Event "LSS SC-2009-0-00043"]
[Site "LSS email"]
[Date "2009.10.09"]
[Round "?"]
[White "Taffijn, Aadrian"]
[Black "Kis Kos, Laszlo"]
[Result "0-1"]
[WhiteElo "1738"]
[BlackElo "1732"]
[PlyCount "22"]
[EventDate "2009.08.23"]
[EventType "tourn (corr)"]
[EventRounds "6"]
[EventCountry "GER"]
[SourceTitle "Corr 2013"]
[Source "ChessBase"]
[SourceDate "2012.11.12"]
[SourceVersion "1"]
[SourceVersionDate "2012.11.12"]
[SourceQuality "1"]
[WhiteTeam "US of America"]
[BlackTeam "US of America"]
[WhiteTeamCountry "USA"]
[BlackTeamCountry "USA"]

1. e4 e5 2. Nf3 Nc6 3. d4 exd4 4. Bb5 Bb4+ 5. c3 dxc3 6. Nxc3 Nf6 7. e5 Ne4 8. 0-0 Bxc3 9. Qd5 f5 10. Bc4 Qe7 11. bxc3 Nxc3 0-1

[Event "LSS ZI-2009-0-00525"]
[Site "LSS email"]
[Date "2009.10.05"]
[Round "?"]
[White "Traczewski, Wojciech"]
[Black "Taffijn, Aadrian"]
[Result "1-0"]
[WhiteElo "1659"]
[BlackElo "1738"]
[PlyCount "33"]
[EventDate "2009.09.30"]
[EventType "match (corr)"]
[EventRounds "2"]
[EventCountry "GER"]
[SourceTitle "Telechess CBM 137"]
[Source "ChessBase"]
[SourceDate "2010.07.15"]
[SourceVersion "1"]
[SourceVersionDate "2010.07.15"]
[SourceQuality "1"]

1. d4 d5 2. c4 c6 3. Nf3 Nf6 4. Nc3 dxc4 5. a4 Nbd7 6. e3 e6 7. Bxc4 Bb4 8. 0-0 0-0 9. Qe2 Qa5 10. Qc2 h6 11. Rd1 e5 12. Ba2 exd4 13. Rxd4 Nb6 14. Bb1 Bxc3 15. Qxc3 Qxc3 16. bxc3 c5 17. Rd1 1-0

[Event "LSS ZI-2009-0-00515"]
[Site "LSS email"]
[Date "2009.09.28"]
[Round "?"]
[White "Szoller, Terez"]
[Black "Taffijn, Aadrian"]
[Result "1-0"]
[WhiteElo "1751"]
[BlackElo "1738"]
[PlyCount "25"]
[EventDate "2009.09.22"]
[EventType "match (corr)"]
[EventRounds "2"]
[EventCountry "GER"]
[SourceTitle "Corr 2013"]
[Source "ChessBase"]
[SourceDate "2012.11.12"]
[SourceVersion "1"]
[SourceVersionDate "2012.11.12"]
[SourceQuality "1"]

1. e4 c5 2. Nf3 d6 3. d4 cxd4 4. Nxd4 Nf6 5. Nc3 e5 6. Bb5+ Nbd7 7. Nf5 a6 8. Bxd7+ Qxd7 9. Bg5 Nxe4 10. Nxg7+ Bxg7 11. Nxe4 0-0 12. Qxd6 f6 13. Be3 1-0

[Event "LSS ZI-2009-0-00505"]
[Site "LSS email"]
[Date "2009.09.11"]
[Round "?"]
[White "Taffijn, Aadrian"]
[Black "Kushnaryov, Andrey"]
[Result "0-1"]
[WhiteElo "1819"]
[BlackElo "1883"]
[PlyCount "32"]
[EventDate "2009.09.08"]
[EventType "match (corr)"]
[EventRounds "2"]
[EventCountry "GER"]
[SourceTitle "Corr 2013"]
[Source "ChessBase"]
[SourceDate "2012.11.12"]
[SourceVersion "1"]
[SourceVersionDate "2012.11.12"]
[SourceQuality "1"]

1. e4 c5 2. Nf3 d6 3. d4 cxd4 4. Nxd4 Nf6 5. Nc3 a6 6. Bc4 Qc7 7. Bb3 e5 8. Nf3 Be7 9. Bg5 Be6 10. Bxf6 Bxf6 11. Nd5 Bxd5 12. Qxd5 0-0 13. 0-0 Nd7 14. c3 Nc5 15. Rad1 Rad8 16. Rd2 b5 0-1

[Event "LSS SC-2009-0-00040"]
[Site "LSS email"]
[Date "2009.09.04"]
[Round "?"]
[White "Kis Kos, Laszlo"]
[Black "Taffijn, Aadrian"]
[Result "1-0"]
[WhiteElo "1732"]
[BlackElo "1738"]
[PlyCount "33"]
[EventDate "2009.07.17"]
[EventType "tourn (corr)"]
[EventRounds "6"]
[EventCountry "GER"]
[SourceTitle "Telechess CBM 137"]
[Source "ChessBase"]
[SourceDate "2010.07.15"]
[SourceVersion "1"]
[SourceVersionDate "2010.07.15"]
[SourceQuality "1"]

1. e4 c5 2. Nf3 d6 3. d4 cxd4 4. Nxd4 Nf6 5. Nc3 a6 6. Be3 e5 7. Nb3 Be6 8. f3 Be7 9. Qd2 0-0 10. 0-0-0 Nbd7 11. g4 Qc7 12. Kb1 Rfc8 13. g5 Nh5 14. Nd5 Bxd5 15. exd5 Nb6 16. Rg1 Nc4 17. Bxc4 1-0

[Event "LSS No Engine Cup Gr05 prel 03 email"]
[Site "LSS email"]
[Date "2009.08.26"]
[Round "?"]
[White "Taffijn, Aadrian"]
[Black "Van Renesse, Marnix"]
[Result "1-0"]
[WhiteElo "1698"]
[BlackElo "1003"]
[PlyCount "41"]
[EventDate "2009.08.27"]
[EventType "tourn (corr)"]
[EventRounds "6"]
[EventCountry "GER"]
[SourceTitle "Telechess CBM 137"]
[Source "ChessBase"]
[SourceDate "2010.07.15"]
[SourceVersion "1"]
[SourceVersionDate "2010.07.15"]
[SourceQuality "1"]

1. e4 c5 2. Nf3 d6 3. Bb5+ Bd7 4. Bxd7+ Nxd7 5. 0-0 Ngf6 6. Re1 e5 7. Nc3 Be7 8. Nh4 0-0 9. Nf5 g6 10. Nxe7+ Qxe7 11. d3 Qe6 12. Qf3 a6 13. Bg5 Rfe8 14. a4 Rac8 15. Rf1 Kg7 16. h3 h6 17. Bd2 c4 18. Rad1 cxd3 19. Qxd3 Nc5 20. Qe3 Ncxe4 21. Nxe4 1-0

[Event "LSS ZI-2009-0-00473"]
[Site "LSS email"]
[Date "2009.08.09"]
[Round "?"]
[White "Turon, Joan"]
[Black "Taffijn, Aadrian"]
[Result "1-0"]
[WhiteElo "1466"]
[BlackElo "1819"]
[PlyCount "65"]
[EventDate "2009.08.04"]
[EventType "match (corr)"]
[EventRounds "2"]
[EventCountry "GER"]
[SourceTitle "Telechess CBM 137"]
[Source "ChessBase"]
[SourceDate "2010.07.15"]
[SourceVersion "1"]
[SourceVersionDate "2010.07.15"]
[SourceQuality "1"]

1. d4 Nf6 2. c4 d5 3. Nc3 e6 4. Bg5 dxc4 5. e3 c5 6. dxc5 Qa5 7. Bxf6 gxf6 8. Bxc4 Nc6 9. Nf3 Qxc5 10. Bb3 Rg8 11. 0-0 Qh5 12. Ne4 Qg6 13. Ng3 Bd7 14. Rc1 Rd8 15. Nh4 Qg4 16. Qxg4 Rxg4 17. Nf3 Rb4 18. Rfd1 Na5 19. Nd4 e5 20. Nc2 Nxb3 21. Nxb4 Nxc1 22. Nd5 Nxa2 23. Nc7+ Ke7 24. Nd5+ Kd6 25. Nb4+ Kc7 26. Nxa2 Be6 27. Rxd8 Kxd8 28. Nc3 f5 29. Nh5 Ke7 30. f4 f6 31. Kf2 Bf7 32. Ng3 Ke6 33. e4 1-0

[Event "LSS ZI-2009-0-00445"]
[Site "LSS email"]
[Date "2009.06.17"]
[Round "?"]
[White "Taffijn, Aadrian"]
[Black "Jostov, Keylah"]
[Result "1-0"]
[WhiteElo "1820"]
[BlackElo "1365"]
[PlyCount "41"]
[EventDate "2009.06.12"]
[EventType "match (corr)"]
[EventRounds "2"]
[EventCountry "GER"]
[SourceTitle "Corr 2011"]
[Source "ChessBase"]
[SourceDate "2010.08.31"]
[SourceVersion "1"]
[SourceVersionDate "2010.08.31"]
[SourceQuality "1"]

1. e4 c5 2. Nf3 e6 3. d4 cxd4 4. Nxd4 Nf6 5. Nc3 d6 6. Be2 Be7 7. 0-0 0-0 8. Be3 a6 9. f4 Qc7 10. g4 Re8 11. g5 Nfd7 12. Bh5 Nf8 13. f5 exf5 14. Nxf5 Bxf5 15. Bxf7+ Kxf7 16. Qd5+ Ne6 17. Qxf5+ Kg8 18. Qf7+ Kh8 19. Qxe8+ Nf8 20. Rxf8+ Bxf8 21. Qxf8# 1-0

[Event "LSS ZI-2009-0-00431"]
[Site "LSS email"]
[Date "2009.05.24"]
[Round "?"]
[White "Taffijn, Aadrian"]
[Black "Jostov, Keylah"]
[Result "1-0"]
[WhiteElo "1682"]
[BlackElo "1412"]
[PlyCount "41"]
[EventDate "2009.05.22"]
[EventType "match (corr)"]
[EventRounds "2"]
[EventCountry "GER"]
[SourceTitle "Corr 2011"]
[Source "ChessBase"]
[SourceDate "2010.08.31"]
[SourceVersion "1"]
[SourceVersionDate "2010.08.31"]
[SourceQuality "1"]

1. e4 c5 2. Nf3 e6 3. Nc3 d6 4. d4 cxd4 5. Qxd4 Nc6 6. Bb5 Bd7 7. Qd3 Nf6 8. 0-0 Be7 9. Bf4 a6 10. Bxc6 Bxc6 11. Rad1 0-0 12. Bxd6 Bxd6 13. Qxd6 Nxe4 14. Nxe4 Bxe4 15. Qb4 Qf6 16. Qxe4 Qxb2 17. Ng5 g6 18. Rb1 Qf6 19. Qh4 Qg7 20. Rxb7 Rac8 21. Nxe6 1-0

[Event "LSS ZI-2009-0-00426"]
[Site "LSS email"]
[Date "2009.05.22"]
[Round "?"]
[White "Schalkwijk, Peter H"]
[Black "Taffijn, Aadrian"]
[Result "0-1"]
[WhiteElo "1481"]
[BlackElo "1698"]
[PlyCount "72"]
[EventDate "2009.05.15"]
[EventType "match (corr)"]
[EventRounds "2"]
[EventCountry "GER"]
[SourceTitle "Corr 2011"]
[Source "ChessBase"]
[SourceDate "2010.08.31"]
[SourceVersion "1"]
[SourceVersionDate "2010.08.31"]
[SourceQuality "1"]

1. d4 Nf6 2. Nf3 d5 3. c4 e6 4. g3 dxc4 5. Bg2 a6 6. 0-0 Nc6 7. e3 Nd5 8. Nfd2 b5 9. a4 Bb7 10. b3 cxb3 11. Qxb3 Na5 12. Qc2 Nb4 13. Qc3 Bxg2 14. Kxg2 Nbc6 15. axb5 axb5 16. Bb2 f5 17. Qd3 Bb4 18. Nc3 Bxc3 19. Qxc3 Qd5+ 20. f3 b4 21. Qc2 0-0 22. Rfd1 Qb5 23. Kg1 Rfd8 24. Rdc1 Qd5 25. Ra4 Ra6 26. Rca1 Rb6 27. Kh1 Rb7 28. h3 Qb5 29. e4 Rbb8 30. Qd1 fxe4 31. fxe4 Qd3 32. Nf3 Qxd1+ 33. Rxd1 Nc4 34. Bc1 Nd6 35. d5 Nxe4 36. Kg2 Nc3 0-1

[Event "LSS SC-2009-0-00031"]
[Site "LSS email"]
[Date "2009.05.09"]
[Round "?"]
[White "Taffijn, Aadrian"]
[Black "Laine, Jari"]
[Result "0-1"]
[WhiteElo "1738"]
[BlackElo "1726"]
[PlyCount "54"]
[EventDate "2009.03.14"]
[EventType "tourn (corr)"]
[EventRounds "6"]
[EventCountry "GER"]
[SourceTitle "Telechess CBM 137"]
[Source "ChessBase"]
[SourceDate "2010.07.15"]
[SourceVersion "1"]
[SourceVersionDate "2010.07.15"]
[SourceQuality "1"]

1. e4 c6 2. d4 d5 3. exd5 cxd5 4. Nf3 Bg4 5. Bd3 Nc6 6. c3 e6 7. 0-0 Bd6 8. h3 Bh5 9. Na3 Bxa3 10. bxa3 Nge7 11. Rb1 Qc7 12. a4 0-0 13. Bxh7+ Kh8 14. Bd3 Rfc8 15. Ba3 Kg8 16. Re1 Rab8 17. Qe2 Ng6 18. Bc1 Nf8 19. g3 Qd7 20. Ba3 f6 21. g4 Bg6 22. Bxg6 Nxg6 23. Qxe6+ Qxe6 24. Rxe6 Nf4 25. Ree1 Re8 26. Rxe8+ Rxe8 27. Rxb7 Re2 0-1

[Event "LSS OP-2009-0-00838"]
[Site "LSS email"]
[Date "2009.05.09"]
[Round "?"]
[White "Taffijn, Aadrian"]
[Black "Nouveau, Laurent"]
[Result "1-0"]
[WhiteElo "1698"]
[BlackElo "1394"]
[PlyCount "97"]
[EventDate "2009.05.05"]
[EventType "tourn (corr)"]
[EventRounds "4"]
[EventCountry "GER"]
[SourceTitle "Corr 2011"]
[Source "ChessBase"]
[SourceDate "2010.08.31"]
[SourceVersion "1"]
[SourceVersionDate "2010.08.31"]
[SourceQuality "1"]

1. e4 c6 2. d4 d5 3. e5 Bf5 4. Nc3 e6 5. Bd3 Bxd3 6. Qxd3 Qb6 7. Nge2 c5 8. Be3 Nc6 9. 0-0 c4 10. Qd2 Nge7 11. b3 cxb3 12. axb3 Nf5 13. Na4 Qc7 14. Ng3 Nxg3 15. fxg3 Be7 16. c4 0-0 17. cxd5 exd5 18. Nc3 Qd7 19. Ne2 f6 20. Nf4 fxe5 21. dxe5 d4 22. Rfd1 Qf5 23. Bf2 Qxe5 24. Qd3 Rae8 25. Re1 Qf5 26. Qc4+ Qf7 27. Qd3 Bd6 28. Rf1 Bxf4 29. gxf4 Qxf4 30. b4 a6 31. b5 axb5 32. Qxb5 Rf7 33. Bg3 Qe3+ 34. Bf2 Qc3 35. Qd5 Qd3 36. Bg3 Qg6 37. Rf3 h6 38. Raf1 Nd8 39. Bh4 Qe6 40. Qxe6 Rxe6 41. Bxd8 Rd7 42. Ba5 d3 43. Rd1 Ra6 44. Bb4 Rb6 45. Bc3 Rbd6 46. Kf2 g5 47. Re3 Kh7 48. Ke1 b5 49. Kd2 1-0

[Event "LSS RB-2009-0-00048"]
[Site "LSS email"]
[Date "2009.05.06"]
[Round "?"]
[White "Da Silva Filho, Alcindo Luz Bastos"]
[Black "Taffijn, Aadrian"]
[Result "1-0"]
[WhiteElo "1977"]
[BlackElo "1857"]
[PlyCount "41"]
[EventDate "2009.03.17"]
[EventType "tourn (corr)"]
[EventRounds "6"]
[EventCountry "GER"]
[SourceTitle "Corr 2011"]
[Source "ChessBase"]
[SourceDate "2010.08.31"]
[SourceVersion "1"]
[SourceVersionDate "2010.08.31"]
[SourceQuality "1"]

1. e4 e5 2. Bc4 Nf6 3. d3 c6 4. Nf3 d5 5. Bb3 a5 6. Nc3 Bb4 7. a3 Bxc3+ 8. bxc3 a4 9. Ba2 Qc7 10. 0-0 0-0 11. Qe2 dxe4 12. dxe4 Nbd7 13. Bg5 b6 14. Rfd1 h6 15. Bh4 Ba6 16. Qe3 Rfe8 17. Rd2 c5 18. Rad1 Ng4 19. Bxf7+ Kxf7 20. Rxd7+ Qxd7 21. Rxd7+ 1-0

[Event "LSS RB-2009-0-00048"]
[Site "LSS email"]
[Date "2009.05.05"]
[Round "?"]
[White "Taffijn, Aadrian"]
[Black "Mitrovic, Sinisa"]
[Result "0-1"]
[WhiteElo "1860"]
[BlackElo "1796"]
[PlyCount "78"]
[EventDate "2009.03.17"]
[EventType "tourn (corr)"]
[EventRounds "6"]
[EventCountry "GER"]
[SourceTitle "Corr 2011"]
[Source "ChessBase"]
[SourceDate "2010.08.31"]
[SourceVersion "1"]
[SourceVersionDate "2010.08.31"]
[SourceQuality "1"]

1. e4 e5 2. Nf3 Nc6 3. Bc4 Nf6 4. 0-0 Nxe4 5. Nc3 Nd6 6. Bb3 Be7 7. d4 Nxd4 8. Nxd4 exd4 9. Nd5 0-0 10. Bf4 c6 11. Nxe7+ Qxe7 12. Qh5 Qf6 13. Bg5 Qf5 14. g4 Qc5 15. Qh4 b6 16. Rfe1 Ba6 17. Be7 Rfe8 18. Rad1 Qa5 19. c3 dxc3 20. Bc2 h6 21. Rxd6 cxb2 22. Rdd1 d5 23. Bb1 Qa4 24. Rd2 Qb4 25. Rdd1 c5 26. f3 Qf4 27. Qf2 Bb7 28. Rd2 d4 29. Rxb2 Qxf3 30. Qxf3 Bxf3 31. Bf5 Bc6 32. Rd2 g6 33. Bd3 a6 34. Kf2 Bd5 35. Bf1 Ra7 36. Bf6 Rxe1 37. Kxe1 Ra8 38. Kf2 Be6 39. Kg3 b5 0-1

[Event "LSS OP-2009-0-00832"]
[Site "LSS email"]
[Date "2009.05.05"]
[Round "?"]
[White "Taffijn, Aadrian"]
[Black "Moreira Lopes, Jose Carlos"]
[Result "1/2-1/2"]
[WhiteElo "1857"]
[BlackElo "800"]
[PlyCount "57"]
[EventDate "2009.04.29"]
[EventType "tourn (corr)"]
[EventRounds "4"]
[EventCountry "GER"]
[SourceTitle "Corr 2011"]
[Source "ChessBase"]
[SourceDate "2010.08.31"]
[SourceVersion "1"]
[SourceVersionDate "2010.08.31"]
[SourceQuality "1"]

1. e4 c6 2. Nf3 d5 3. exd5 cxd5 4. d4 g6 5. Bb5+ Nc6 6. Ne5 Bd7 7. Bxc6 Bxc6 8. 0-0 Nf6 9. Bg5 Bg7 10. Nc3 Ne4 11. Nxe4 dxe4 12. Nxc6 bxc6 13. Re1 Qd5 14. Qg4 f5 15. Qh4 e6 16. Red1 0-0 17. c3 Rf7 18. b3 c5 19. Bh6 Rd7 20. Rd2 Bxh6 21. Qxh6 c4 22. Rb1 Rb7 23. Rdb2 Rab8 24. b4 a5 25. a3 axb4 26. axb4 Ra8 27. h3 Ra3 28. Rc1 Qd6 29. h4 1/2-1/2

[Event "LSS ZI-2009-0-00405"]
[Site "LSS email"]
[Date "2009.04.26"]
[Round "?"]
[White "Laureles, Raymundo"]
[Black "Taffijn, Aadrian"]
[Result "1-0"]
[WhiteElo "1547"]
[BlackElo "1680"]
[PlyCount "77"]
[EventDate "2009.04.19"]
[EventType "match (corr)"]
[EventRounds "2"]
[EventCountry "GER"]
[SourceTitle "Corr 2011"]
[Source "ChessBase"]
[SourceDate "2010.08.31"]
[SourceVersion "1"]
[SourceVersionDate "2010.08.31"]
[SourceQuality "1"]

1. e4 e5 2. Nf3 Nc6 3. Bb5 Nf6 4. Bxc6 dxc6 5. 0-0 Bc5 6. Nxe5 0-0 7. d3 Re8 8. Nf3 Bg4 9. h3 Bh5 10. Be3 Bxe3 11. fxe3 Qe7 12. Nbd2 Qc5 13. Re1 Nd7 14. Rc1 f6 15. Qe2 Qa5 16. a3 Qb6 17. b3 Ne5 18. Qf2 Bxf3 19. Nxf3 Nxf3+ 20. Qxf3 Re5 21. a4 Rae8 22. Re2 Qb4 23. Rf1 Qd6 24. h4 Kh8 25. Ref2 Qb4 26. h5 h6 27. g4 Kg8 28. Qe2 Rc5 29. Rf5 Rc3 30. g5 fxg5 31. Rf7 Qd6 32. Qf3 Rd8 33. Rf2 a5 34. Qf5 Rc5 35. Qg6 Qxg6 36. hxg6 b5 37. Rxc7 bxa4 38. bxa4 Rxc2 39. Rxc2 1-0

[Event "LSS BI-2009-P-00015"]
[Site "LSS email"]
[Date "2009.04.19"]
[Round "?"]
[White "Agrafenin, Andrey Alexandrovic"]
[Black "Taffijn, Aadrian"]
[Result "1-0"]
[WhiteElo "1967"]
[BlackElo "1698"]
[PlyCount "101"]
[EventDate "2009.04.20"]
[EventType "tourn (corr)"]
[EventRounds "10"]
[EventCountry "GER"]
[SourceTitle "Corr 2011"]
[Source "ChessBase"]
[SourceDate "2010.08.31"]
[SourceVersion "1"]
[SourceVersionDate "2010.08.31"]
[SourceQuality "1"]

1. c4 Nf6 2. Nc3 e5 3. g3 Nc6 4. Bg2 Bc5 5. Nf3 0-0 6. 0-0 d6 7. d3 h6 8. a3 a5 9. Bd2 Re8 10. e3 Bf5 11. Ne1 Qd7 12. Rb1 Bh3 13. Ne4 Nxe4 14. dxe4 Nd8 15. b4 axb4 16. axb4 Ba7 17. Qc2 Bxg2 18. Kxg2 Ne6 19. Nf3 b5 20. c5 Qc6 21. Rfc1 dxc5 22. bxc5 f6 23. Bb4 Kh7 24. Ra1 Red8 25. Ra3 Rh8 26. Rca1 Bxc5 27. Rc1 Qd7 28. Bxc5 Rxa3 29. Bxa3 c5 30. Rd1 Qc6 31. Rd5 Ra8 32. Qc3 Ra4 33. Bb2 Ra2 34. h4 Qa8 35. Nd2 Qa4 36. Rd6 Nf8 37. Rd8 Ne6 38. Re8 Qa6 39. Qb3 c4 40. Qb4 Qc6 41. Rb8 Rxb2 42. Qxb2 c3 43. Qxb5 Qxb5 44. Rxb5 cxd2 45. Rb1 Nc5 46. f3 Nb3 47. Rd1 h5 48. Kf2 g5 49. hxg5 fxg5 50. Ke2 Kg6 51. Rb1 1-0

[Event "LSS BI-2009-P-00015"]
[Site "LSS email"]
[Date "2009.04.19"]
[Round "?"]
[White "Kurowski, Andrzej"]
[Black "Taffijn, Aadrian"]
[Result "1-0"]
[WhiteElo "2078"]
[BlackElo "1680"]
[PlyCount "39"]
[EventDate "2009.04.20"]
[EventType "tourn (corr)"]
[EventRounds "10"]
[EventCountry "GER"]
[SourceTitle "Corr 2011"]
[Source "ChessBase"]
[SourceDate "2010.08.31"]
[SourceVersion "1"]
[SourceVersionDate "2010.08.31"]
[SourceQuality "1"]

1. d4 Nf6 2. c4 g6 3. Nc3 Bg7 4. e4 d6 5. Nf3 0-0 6. Be2 c5 7. d5 Bg4 8. Bg5 Nbd7 9. Qd2 Qb6 10. 0-0 h6 11. Bxh6 Bxh6 12. Qxh6 Qxb2 13. Rfc1 Qa3 14. Rab1 Qa6 15. Rb3 Bxf3 16. Bxf3 Qa5 17. Be2 Rfb8 18. e5 Nxe5 19. Ne4 Nfg4 20. Qh4 1-0